Handbook of international economics
Gespeichert in:
| Weitere Verfasser: | , , |
|---|---|
| Format: | Buch |
| Sprache: | Englisch |
| Veröffentlicht: |
Oxford
ELSEVIER
2014
|
| Schriftenreihe: | Handbooks in economics
|
| Schlagworte: | |
| Tags: |
Keine Tags, Fügen Sie das erste Tag hinzu!
|
MARC
| LEADER | 00000nam a2200000 4500 | ||
|---|---|---|---|
| 001 | 0190558 | ||
| 005 | 20240313132942.7 | ||
| 020 | |a 978-0-444-54314-1 | ||
| 041 | 0 | |a eng | |
| 044 | |a GB | ||
| 245 | 1 | 0 | |a Handbook of international economics |c edited by: Gita Gopinath, Elhanan Helpman, Kenneth Rogoff |
| 264 | 1 | |a Oxford |b ELSEVIER |c 2014 | |
| 300 | |a 748 s. | ||
| 490 | 1 | |a Handbooks in economics | |
| 830 | 0 | |a Handbooks in economics | |
| 610 | 2 | 0 | |a ekonómia |
| 610 | 2 | 0 | |a veda ekonomická |
| 610 | 2 | 0 | |a firmy |
| 610 | 2 | 0 | |a spoločnosti nadnárodné |
| 610 | 2 | 0 | |a obchod medzinárodný |
| 610 | 2 | 0 | |a globalizácia |
| 610 | 2 | 0 | |a výhody komparatívne |
| 610 | 2 | 0 | |a dohody medzinárodné |
| 610 | 2 | 0 | |a ceny |
| 610 | 2 | 0 | |a miera úroková |
| 610 | 2 | 0 | |a parita |
| 610 | 2 | 0 | |a efektívnosť |
| 610 | 2 | 0 | |a regulácia |
| 610 | 2 | 0 | |a dlhy |
| 610 | 2 | 0 | |a kríza finančná |
| 700 | 1 | |a Gopinath, Gita | |
| 700 | 1 | |a Helpman, Elhanan | |
| 700 | 1 | |a Rogoff, Kenneth | |